| 000 | 00459nam a22001817a 4500 | ||
|---|---|---|---|
| 003 | Ost | ||
| 005 | 20220828124657.0 | ||
| 008 | 220828b |||||||| |||| 00| 0 eng d | ||
| 020 | _aNA | ||
| 040 | _cBT-PhCST | ||
| 050 | _a4231 | ||
| 082 |
_222 _a621.38119 |
||
| 100 | _aSawhney, A. K. | ||
| 245 | _aA course in electrical and electronic measurements and instrumentation / | ||
| 260 |
_bDhanpat Rai & Co., _cc2004. |
||
| 300 |
_a0 _bill. ; |
||
| 942 |
_2ddc _cEE |
||
| 999 |
_c1777 _d1777 |
||